Můj šéf, můj nepřítel?

Bibliographic Details
Main Author: Beňo, Pavel, 1948- (Author)
Format: Book
Language:Czech
PhysicalDescription:xiv, 181 s. 21 cm
Published: Šlapanice Era c2003
ISBN:8086517349
Edition:1. vyd.
Series:Kariéra
Subjects:

MARC

LEADER 00000nam a2200000 a 4500
001 vtls008851209
003 SK-MaSNL
005 20260302004719.0
008 240313s2003 xr f 001 0 cze
020 |a 8086517349  |q (brož.) 
040 |a SNK  |b slo  |c SNK  |e AACR2 
041 0 |a cze 
044 |a xr  |c CZ 
072 7 |a 331  |x Práca  |2 konspekt 
080 |a 331.104/.105  |2 2001 
080 |a 005.742.057.17  |2 2001 
080 |a 331.104:364.636  |2 2001 
080 |a (036)  |2 2001 
100 1 |a Beňo, Pavel,  |d 1948-  |4 aut  |9 190086 
245 1 0 |a Můj šéf, můj nepřítel?  |c Pavel Beňo 
250 |a 1. vyd. 
260 |a Šlapanice  |b Era  |c c2003 
300 |a xiv, 181 s.  |c 21 cm 
490 1 |a Kariéra 
650 0 7 |a pracovné vzťahy  |2 SNKPH  |9 22181 
650 0 7 |a vedúci pracovníci  |2 SNKPH  |9 59720 
650 0 7 |a mobbing  |2 SNKPH  |9 56828 
650 0 7 |a Industrial relations  |2 SNKPHeng  |9 313090 
650 0 7 |a Managers  |2 SNKPHeng  |9 265343 
655 7 |a príručky  |2 SNKPH  |9 74364 
655 7 |a Handbooks, manuals, etc.  |2 SNKPHeng  |9 90964 
830 0 |a Kariéra  |9 645135 
919 |a 80-86517-34-9 
999 |c 996943  |d 998873 
952 |t snkBEN 331.1  |a SNKUST  |b SNKUST  |y PREZ  |7 0  |p 17A0510331  |o snkIC 134374  |i snk2006/19530  |8 3  |g 9.63  |0 0  |1 0  |4 0  |d 2006-10-02  |l 0  |r 2025-04-30 00:00:00  |w 2026-02-24